Notes joueurs des lakers NBA2k25 - Statistiques

Statistiques générales
  • Ce quiz a été pris 96 fois
  • Le résultat moyen est 17 sur 18
Statistiques - réponses
Joueurs Note % Correct
Luka Doncic 96
100%
LeBron James 96
100%
Austin Reaves 85
99%
Dorian Finney-Smith 76
98%
Jaxson Hayes 76
98%
Dalton Knecht 77
98%
Gabe Vincent 77
98%
Jarred Vanderbilt 79
98%
Rui Hachimura 80
98%
Bronny James 68
95%
Markieff Morris 70
95%
Christian Koloko 72
95%
Maxi Kleber 72
95%
Trey Jemison III 72
95%
Cam Reddish 73
95%
Alex Len 74
95%
Jordan Goodwin 74
95%
Shake Milton 75
95%
Aucun quiz correspondant
Distribution des résultats
% des personnes avec chaque résultat
Percentile par nombre de réponses
Votre historique - résultats
Vous n’avez pas pris ce quiz